[Event "43. Olimpiada Batumi 2018 Femenina"]
[Site "Batumi GEO"]
[Date "2018.10.04"]
[Round "10.1"]
[White "Caxita, Esperanca"]
[Black "Ravelomanana, Sabine"]
[Result "0-1"]
[WhiteElo "1803"]
[BlackElo "1821"]
[PlyCount "160"]
[EventDate "2018.09.24"]
[EventType "team-swiss"]
[EventRounds "11"]
[EventCountry "GEO"]
[SourceTitle "Ajedrez en Madrid"]
[Source "lmi"]
[SourceDate "2018.09.24"]
[WhiteTeam "Angola"]
[BlackTeam "Madagascar"]
[WhiteTeamCountry "ANG"]
[BlackTeamCountry "MAD"]

1. e4 e5 2. Nf3 Nc6 3. Bc4 Be7 4. d4 d6 5. c3 Nf6 6. Nbd2 O-O 7. h3 exd4 8.
cxd4 d5 9. exd5 Nxd5 10. O-O Nb6 11. Re1 Bb4 12. Qb3 Nxc4 13. Qxc4 Be6 14. Qd3
Qd5 15. Rd1 Rad8 16. a3 Be7 17. Nf1 Bf6 18. Ne3 Qh5 19. Qe4 Bd5 20. Nxd5 Qxd5
21. Qxd5 Rxd5 22. Be3 Rfd8 23. Rac1 R8d7 24. Rd2 Ne7 25. g4 h6 26. Kf1 Ng6 27.
Rdc2 c6 28. Rc5 Nf8 29. Rxd5 Rxd5 30. Ke2 Ne6 31. Kd3 Kf8 32. h4 Ke8 33. Ke4 a5
34. a4 Bd8 35. b3 h5 36. g5 f5+ 37. Kd3 Bb6 38. Rc4 f4 39. Bd2 Nc5+ 40. Kc2 Ne4
41. Be1 Ke7 42. Kb2 Ke6 43. Rc2 Kf5 44. Re2 g6 45. Kc2 Bxd4 46. Nxd4+ Rxd4 47.
f3 Ng3 48. Re7 b6 49. Rf7+ Ke6 50. Rf6+ Ke7 51. Rxg6 Rd6 52. Rxd6 Kxd6 53. Kd3
Ke5 54. Bf2 Nf5 55. Ke2 b5 56. Kd3 Kd5 57. Be1 bxa4 58. bxa4 c5 59. Bxa5 Nxh4
60. Bc7 Ng6 61. a5 h4 62. Ke2 h3 63. Kf2 c4 64. Bd8 c3 65. Bf6 c2 66. Bb2 Kc5
67. Bc1 Kb5 68. Bd2 Nh4 69. g6 Nxg6 70. Kg1 Nh4 71. Bxf4 Nxf3+ 72. Kf2 h2 73.
Kg2 Kxa5 74. Bc1 Ka4 75. Kh1 Kb3 76. Bh6 Kc3 77. Bc1 Kd3 78. Kg2 Ke2 79. Kh1
Kd1 80. Bb2 Ne5 0-1

[Event "43. Olimpiada Batumi 2018 Femenina"]
[Site "Batumi GEO"]
[Date "2018.10.04"]
[Round "10.2"]
[White "Razafindrabiaza, Christine"]
[Black "Pires, Luzia"]
[Result "0-1"]
[WhiteElo "1668"]
[BlackElo "1729"]
[PlyCount "146"]
[EventDate "2018.09.24"]
[EventType "team-swiss"]
[EventRounds "11"]
[EventCountry "GEO"]
[SourceTitle "Ajedrez en Madrid"]
[Source "lmi"]
[SourceDate "2018.09.24"]
[WhiteTeam "Madagascar"]
[BlackTeam "Angola"]
[WhiteTeamCountry "MAD"]
[BlackTeamCountry "ANG"]

1. d4 d5 2. Nf3 e6 3. e3 c5 4. c3 Nc6 5. Be2 Nf6 6. O-O Bd6 7. c4 O-O 8. Nc3
Ne7 9. Nb5 a6 10. Nxd6 Qxd6 11. Bd2 Nc6 12. Bc3 Nd7 13. Qc2 h6 14. dxc5 Qxc5
15. cxd5 Qxd5 16. Rad1 Qxa2 17. Qe4 Nb6 18. Qg4 f6 19. Qg6 Ne7 20. Qc2 Qa4 21.
b3 Qc6 22. Nd4 Qc7 23. Qb2 e5 24. Nf3 Be6 25. Bb4 Rfe8 26. Rc1 Qb8 27. e4 Nc6
28. Bc5 Nd7 29. Be3 Rd8 30. Nd2 Qd6 31. Nc4 Qe7 32. Nb6 Nxb6 33. Bxb6 Rd7 34.
Bc5 Qf7 35. b4 Rad8 36. Be3 Nd4 37. Bxd4 Rxd4 38. Bf3 Qe7 39. Rb1 Bc4 40. Rfc1
Bd3 41. Qb3+ Kh8 42. Rb2 Bxe4 43. Bxe4 Rxe4 44. h3 Red4 45. Rbb1 Qd6 46. b5 Rd2
47. bxa6 bxa6 48. Qg3 Qd3 49. Qg4 Kh7 50. Rb7 Rd7 51. Rb8 Rd1+ 52. Rxd1 Qxd1+
53. Qxd1 Rxd1+ 54. Kh2 Ra1 55. Ra8 a5 56. Kg3 a4 57. Kf3 a3 58. Ra4 Kg6 59. h4
h5 60. g3 Kf5 61. Ra5 a2 62. Ra3 g5 63. hxg5 Kxg5 64. Ra8 Kf5 65. Ra5 Kg5 66.
Ra4 e4+ 67. Ke2 f5 68. Ra6 h4 69. gxh4+ Kxh4 70. Rh6+ Kg4 71. Ra6 e3 72. fxe3
Rh1 73. Rg6+ Kh5 0-1

[Event "43. Olimpiada Batumi 2018 Femenina"]
[Site "Batumi GEO"]
[Date "2018.10.04"]
[Round "10.3"]
[White "Gabriel, Irineia G"]
[Black "Raharimanana, Faratiana"]
[Result "0-1"]
[WhiteElo "1652"]
[BlackElo "1660"]
[PlyCount "84"]
[EventDate "2018.09.24"]
[EventType "team-swiss"]
[EventRounds "11"]
[EventCountry "GEO"]
[SourceTitle "Ajedrez en Madrid"]
[Source "lmi"]
[SourceDate "2018.09.24"]
[WhiteTeam "Angola"]
[BlackTeam "Madagascar"]
[WhiteTeamCountry "ANG"]
[BlackTeamCountry "MAD"]

1. e4 d5 2. exd5 Qxd5 3. Nc3 Qa5 4. Nf3 Nf6 5. Be2 Bf5 6. d3 e6 7. Nh4 Bg6 8.
Nxg6 hxg6 9. Bd2 Nbd7 10. a3 c6 11. b4 Qc7 12. h3 Bd6 13. Be3 Bf4 14. Qd2 Bxe3
15. Qxe3 a5 16. O-O axb4 17. axb4 O-O 18. f4 Qd6 19. Ne4 Qxb4 20. Rab1 Qa4 21.
Nxf6+ Nxf6 22. Rxb7 Qxc2 23. Rc1 Qa4 24. Qc5 Nd5 25. Qc4 Nxf4 26. Bf1 Qxc4 27.
Rxc4 Nd5 28. Rxc6 Ra1 29. Rc2 Ne3 30. Rf2 Rd8 31. Rbxf7 Nf5 32. Rc7 Rxd3 33.
Kh2 Rdd1 34. g4 Rxf1 35. Rxf1 Rxf1 36. gxf5 gxf5 37. Kg2 Re1 38. Kf2 Re4 39.
Rc8+ Kh7 40. Kf3 Kg6 41. Rc6 Kg5 42. Rc7 g6 0-1

[Event "43. Olimpiada Batumi 2018 Femenina"]
[Site "Batumi GEO"]
[Date "2018.10.04"]
[Round "10.4"]
[White "Andriantsiferana, Irina"]
[Black "Joao, Delfina"]
[Result "1-0"]
[WhiteElo "1540"]
[BlackElo "1556"]
[PlyCount "113"]
[EventDate "2018.09.24"]
[EventType "team-swiss"]
[EventRounds "11"]
[EventCountry "GEO"]
[SourceTitle "Ajedrez en Madrid"]
[Source "lmi"]
[SourceDate "2018.09.24"]
[WhiteTeam "Madagascar"]
[BlackTeam "Angola"]
[WhiteTeamCountry "MAD"]
[BlackTeamCountry "ANG"]

1. e4 e6 2. d4 d5 3. exd5 exd5 4. Bd3 Bd6 5. Qf3 c6 6. Bf4 Bxf4 7. Qxf4 Qf6 8.
Qxf6 Nxf6 9. Nf3 Be6 10. Nbd2 Nbd7 11. O-O O-O 12. Rfe1 Rfe8 13. Ne5 Ng4 14.
Ndf3 f6 15. Nxd7 Bxd7 16. c4 dxc4 17. Bxc4+ Kf8 18. h3 Nh6 19. d5 c5 20. Bd3 g6
21. Rac1 b6 22. g4 Nf7 23. Re3 Nd6 24. b3 f5 25. Ne5 Bc8 26. Rce1 fxg4 27. hxg4
Bb7 28. Nd7+ Kf7 29. Rxe8 Rxe8 30. Rxe8 Nxe8 31. Ne5+ Ke7 32. Nc6+ Bxc6 33.
dxc6 Nf6 34. f3 Kd6 35. Bb5 Nd5 36. a4 Ne7 37. Kf2 Nxc6 38. Ke3 Nd4 39. Bc4 Ne6
40. Ke4 h6 41. f4 Nd4 42. Bf7 g5 43. f5 a6 44. Bc4 b5 45. axb5 axb5 46. Bg8 b4
47. f6 Ne6 48. Kf5 Nf8 49. Bc4 Kd7 50. Ke5 Ke8 51. Kd6 Nd7 52. Bb5 c4 53. Bxd7+
Kf8 54. bxc4 Kf7 55. Ke5 b3 56. c5 b2 57. Bf5 1-0

[Event "43. Olimpiada Batumi 2018 Femenina"]
[Site "Batumi GEO"]
[Date "2018.10.04"]
[Round "10.1"]
[White "Yazji, Mada"]
[Black "Kovacova, Zuzana"]
[Result "1/2-1/2"]
[WhiteElo "1726"]
[BlackElo "2079"]
[PlyCount "80"]
[EventDate "2018.09.24"]
[EventType "team-swiss"]
[EventRounds "11"]
[EventCountry "GEO"]
[SourceTitle "Ajedrez en Madrid"]
[Source "lmi"]
[SourceDate "2018.09.24"]
[WhiteTeam "Syria"]
[BlackTeam "Bermuda"]
[WhiteTeamCountry "SYR"]
[BlackTeamCountry "BER"]

1. e4 e5 2. Nf3 Nc6 3. Nc3 d6 4. Bb5 Bd7 5. d4 exd4 6. Nxd4 Nf6 7. Bxc6 bxc6 8.
Qf3 c5 9. Nf5 Bxf5 10. Qxf5 Qc8 11. Qf3 Qg4 12. Qxg4 Nxg4 13. Nd5 O-O-O 14. O-O
c6 15. Nc3 d5 16. exd5 cxd5 17. Bf4 Kb7 18. h3 Nf6 19. Rfe1 d4 20. Ne4 Nd5 21.
Bd2 h6 22. a3 f5 23. Ng3 f4 24. Nf5 g6 25. Nh4 Rg8 26. Re6 Rd6 27. Re8 Nc7 28.
Re5 Rf6 29. b4 Bd6 30. Re4 Re8 31. Rxe8 Nxe8 32. Re1 Nc7 33. Nf3 Re6 34. Rb1
Kc6 35. bxc5 Kxc5 36. Bb4+ Kc4 37. Nd2+ Kd5 38. Nf3 Kc4 39. Nd2+ Kd5 40. Nf3
Kc4 1/2-1/2

[Event "43. Olimpiada Batumi 2018 Femenina"]
[Site "Batumi GEO"]
[Date "2018.10.04"]
[Round "10.2"]
[White "Cancino, Shiela"]
[Black "Alkaseer, Roaa"]
[Result "0-1"]
[WhiteElo "1456"]
[BlackElo "1708"]
[PlyCount "109"]
[EventDate "2018.09.24"]
[EventType "team-swiss"]
[EventRounds "11"]
[EventCountry "GEO"]
[SourceTitle "Ajedrez en Madrid"]
[Source "lmi"]
[SourceDate "2018.09.24"]
[WhiteTeam "Bermuda"]
[BlackTeam "Syria"]
[WhiteTeamCountry "BER"]
[BlackTeamCountry "SYR"]

1. d4 Nf6 2. Nf3 e6 3. e3 d5 4. Bd3 b6 5. Nbd2 Bb7 6. b3 Nbd7 7. Bb2 c5 8. O-O
Bd6 9. Ne5 O-O 10. f4 Ne4 11. Rf3 f6 12. Nxd7 Qxd7 13. Rh3 Qf7 14. Nxe4 dxe4
15. Bc4 Bd5 16. Bf1 cxd4 17. Bxd4 e5 18. fxe5 fxe5 19. Bb2 Qf2+ 20. Kh1 Be6 21.
Bc4 Bxc4 22. bxc4 Rad8 23. g3 Qxe3 24. Qh5 Qf3+ 25. Qxf3 exf3 26. Rf1 e4 27.
Bc1 Bc5 28. g4 Rd7 29. Rh5 Rfd8 30. Rd5 Rxd5 31. cxd5 Rxd5 32. h3 e3 33. Bxe3
Bxe3 34. Rxf3 Bc5 35. Rd3 Rxd3 36. cxd3 Kf7 37. Kg2 Ke6 38. Kf3 b5 39. Ke4 a5
40. d4 Bb6 41. h4 b4 42. h5 a4 43. Kd3 Kd5 44. g5 Bxd4 45. g6 hxg6 46. hxg6 b3
47. a3 Bb2 48. Kd2 Bxa3 49. Kc3 Bb4+ 50. Kb2 Bd2 51. Ka3 Bc1+ 52. Kxa4 b2 53.
Kb3 b1=Q+ 54. Kc3 Qb2+ 55. Kd3 0-1

[Event "43. Olimpiada Batumi 2018 Femenina"]
[Site "Batumi GEO"]
[Date "2018.10.04"]
[Round "10.2"]
[White "Aishath, Alya Mohamed"]
[Black "Jefo, Suzete Vicente"]
[Result "0-1"]
[WhiteElo "1070"]
[BlackElo "1379"]
[PlyCount "68"]
[EventDate "2018.09.24"]
[EventType "team-swiss"]
[EventRounds "11"]
[EventCountry "GEO"]
[SourceTitle "Ajedrez en Madrid"]
[Source "lmi"]
[SourceDate "2018.09.24"]
[WhiteTeam "Maldives"]
[BlackTeam "Mozambique"]
[WhiteTeamCountry "MDV"]
[BlackTeamCountry "MOZ"]

1. d4 d5 2. c4 Nf6 3. cxd5 Qxd5 4. Nc3 Qa5 5. Qd2 e6 6. e4 Bb4 7. Bd3 Nc6 8.
Nf3 O-O 9. a3 Bxc3 10. bxc3 b6 11. O-O Ba6 12. Re1 Rfe8 13. e5 Nd7 14. Be4 Bb7
15. Bb2 Nd8 16. Qe2 c5 17. Bxh7+ Kxh7 18. Ng5+ Kg8 19. Qh5 Nf8 20. Re3 cxd4 21.
Rh3 Ng6 22. cxd4 Qd5 23. f3 Kf8 24. Rg3 Ke7 25. Nxf7 Nxf7 26. Qxg6 Rg8 27. Rg4
Rac8 28. Bc1 a5 29. a4 Ba8 30. Ba3+ Ke8 31. Bd6 Qb3 32. Rf4 Qe3+ 33. Kh1 Rc1+
34. Rxc1 Qxc1# 0-1

[Event "43. Olimpiada Batumi 2018 Femenina"]
[Site "Batumi GEO"]
[Date "2018.10.04"]
[Round "10.3"]
[White "Sitoe, Cheila Andre"]
[Black "Nihaya, Ahmed"]
[Result "1/2-1/2"]
[WhiteElo "1545"]
[BlackElo "1117"]
[PlyCount "163"]
[EventDate "2018.09.24"]
[EventType "team-swiss"]
[EventRounds "11"]
[EventCountry "GEO"]
[SourceTitle "Ajedrez en Madrid"]
[Source "lmi"]
[SourceDate "2018.09.24"]
[WhiteTeam "Mozambique"]
[BlackTeam "Maldives"]
[WhiteTeamCountry "MOZ"]
[BlackTeamCountry "MDV"]

1. e4 e5 2. Nf3 Nc6 3. Bc4 Bc5 4. O-O d6 5. Nc3 Nf6 6. d3 O-O 7. Na4 Qe7 8.
Nxc5 dxc5 9. a3 a6 10. h3 Be6 11. Bxe6 Qxe6 12. Nh4 Ne7 13. f4 exf4 14. Bxf4 c6
15. Bg5 Nd7 16. Qd2 f6 17. Be3 Rad8 18. Qc3 b6 19. Nf5 Nxf5 20. Rxf5 Ne5 21.
Raf1 Ng6 22. Bf2 Ne7 23. Rf3 Ng6 24. Bg3 Rf7 25. e5 Rdf8 26. exf6 Rxf6 27. Rxf6
Rxf6 28. Rxf6 Qxf6 29. Qxf6 gxf6 30. Bc7 b5 31. Kf2 Ne5 32. Ke3 Kf7 33. Ke4 Ng6
34. g3 Ke6 35. Bb6 f5+ 36. Ke3 Kd5 37. Bc7 h5 38. h4 Ke6 39. Bb8 Kd5 40. b3 c4
41. dxc4+ bxc4 42. b4 c5 43. c3 Kc6 44. a4 cxb4 45. cxb4 Kd5 46. Ba7 Ke5 47.
Kd2 Kd5 48. Kc3 Ne5 49. Bb8 Nc6 50. Bf4 Na7 51. Bg5 Nc8 52. Bf4 Nb6 53. a5 Na4+
54. Kc2 Kd4 55. Bc7 Kd5 56. Bd8 Kc6 57. Kd2 Kb5 58. Be7 Nb2 59. Kc3 Na4+ 60.
Kd4 Nb2 61. Bf8 Nd3 62. Kc3 Nf2 63. Kd4 Ne4 64. Ke3 Nxg3 65. Kf4 Ne2+ 66. Kxf5
c3 67. Bh6 Kxb4 68. Ke4 Kxa5 69. Kd3 Ng1 70. Kxc3 Nf3 71. Bg5 Ka4 72. Kd3 Kb3
73. Bd8 a5 74. Bxa5 Nxh4 75. Bc7 Ng6 76. Ke3 Kc4 77. Kf3 Kd5 78. Bd8 Ke5 79.
Kg3 Kf5 80. Kh3 Kf4 81. Bc7+ Kf3 82. Bd8 1/2-1/2

[Event "43. Olimpiada Batumi 2018 Femenina"]
[Site "Batumi GEO"]
[Date "2018.10.04"]
[Round "10.4"]
[White "Nuha, Rilwan"]
[Black "Sitoe, Sheila"]
[Result "1-0"]
[WhiteElo "1053"]
[BlackElo "1425"]
[PlyCount "99"]
[EventDate "2018.09.24"]
[EventType "team-swiss"]
[EventRounds "11"]
[EventCountry "GEO"]
[SourceTitle "Ajedrez en Madrid"]
[Source "lmi"]
[SourceDate "2018.09.24"]
[WhiteTeam "Maldives"]
[BlackTeam "Mozambique"]
[WhiteTeamCountry "MDV"]
[BlackTeamCountry "MOZ"]

1. e4 e5 2. Nf3 Nf6 3. Nc3 d6 4. h3 b6 5. Bc4 Bb7 6. d3 Nc6 7. O-O Na5 8. Bb3
Be7 9. Re1 Nxb3 10. axb3 O-O 11. Bg5 Nd7 12. Qd2 Bxg5 13. Nxg5 h6 14. Nf3 Qf6
15. Na2 Qg6 16. Qe2 Nf6 17. Nh4 Qg5 18. Nf3 Qg6 19. Nh4 Qh5 20. Qxh5 Nxh5 21.
Nc3 a6 22. Nf5 Rfe8 23. Nh4 Re6 24. Rf1 g6 25. f3 Nf4 26. Kh2 c6 27. g3 Nh5 28.
Ng2 Rf6 29. Ne3 Kh7 30. Ng4 Re6 31. Ne3 Bc8 32. Ng2 Ng7 33. f4 f5 34. fxe5 dxe5
35. Nh4 fxe4 36. Nxe4 Nh5 37. Rf7+ Kg8 38. Raf1 Re8 39. Nxg6 Be6 40. Rb7 Rab8
41. Rxb8 Rxb8 42. Nxe5 Bd5 43. g4 Ng7 44. Nf6+ Kf8 45. Nfd7+ Ke7 46. Nxb8 Kd6
47. Nexc6 Bxc6 48. Nxc6 Kxc6 49. Rf6+ Kc5 50. Rxh6 1-0

[Event "43. Olimpiada Batumi 2018 Femenina"]
[Site "Batumi GEO"]
[Date "2018.10.04"]
[Round "10.1"]
[White "Johnson, Daijah"]
[Black "Mucha, Annegret"]
[Result "0-1"]
[WhiteElo "1452"]
[BlackElo "2044"]
[PlyCount "76"]
[EventDate "2018.09.24"]
[EventType "team-swiss"]
[EventRounds "11"]
[EventCountry "GEO"]
[SourceTitle "Ajedrez en Madrid"]
[Source "lmi"]
[SourceDate "2018.09.24"]
[WhiteTeam "Bahamas"]
[BlackTeam "ICCD"]
[WhiteTeamCountry "BAH"]

1. d4 Nf6 2. c4 e6 3. Nc3 Bb4 4. Bg5 O-O 5. Nf3 d5 6. e3 h6 7. Bxf6 Qxf6 8. a3
Bxc3+ 9. bxc3 c5 10. Bd3 Nc6 11. O-O Rd8 12. Qc2 b6 13. Rad1 Na5 14. cxd5 exd5
15. dxc5 bxc5 16. Rb1 c4 17. Qa4 Qxc3 18. Rfc1 Bd7 19. Qb4 Qxb4 20. axb4 Nb3
21. Rc3 Bg4 22. Bc2 Bxf3 23. Bxb3 Be4 24. Bc2 Bxc2 25. Rxc2 Rab8 26. Rcc1 Rb5
27. Rb2 Rdb8 28. Ra2 R8b7 29. g3 Rxb4 30. Kg2 Kf8 31. Kf3 Ke7 32. Rca1 Kd6 33.
Rd1 Kc5 34. h3 c3 35. Rc2 Kc4 36. Rd4+ Kb3 37. Rxb4+ Rxb4 38. Rc1 Kb2 0-1

[Event "43. Olimpiada Batumi 2018 Femenina"]
[Site "Batumi GEO"]
[Date "2018.10.04"]
[Round "10.1"]
[White "Faqeeh, Rahaf"]
[Black "Rawan, Eyhab"]
[Result "1-0"]
[WhiteElo "1400"]
[BlackElo "1568"]
[PlyCount "41"]
[EventDate "2018.09.24"]
[EventType "team-swiss"]
[EventRounds "11"]
[EventCountry "GEO"]
[SourceTitle "Ajedrez en Madrid"]
[Source "lmi"]
[SourceDate "2018.09.24"]
[WhiteTeam "Palestine"]
[BlackTeam "Sudan"]
[WhiteTeamCountry "PLE"]
[BlackTeamCountry "SUD"]

1. c4 c6 2. g3 d5 3. cxd5 cxd5 4. d4 Nf6 5. Bg2 Nc6 6. Nf3 Bf5 7. Nc3 e6 8. Bf4
Qb6 9. Bc1 Nb4 10. Qa4+ Qc6 11. Qxc6+ bxc6 12. O-O Nc2 13. Rb1 Nxd4 14. Nxd4
Bxb1 15. Nxc6 Bg6 16. Nb5 Kd7 17. Ne5+ Kc8 18. Be3 a6 19. Rc1+ Kb7 20. Rc7+ Kb8
21. Nc6# 1-0

[Event "43. Olimpiada Batumi 2018 Femenina"]
[Site "Batumi GEO"]
[Date "2018.10.04"]
[Round "10.3"]
[White "Faqeeh, Yara"]
[Black "Sara, Gadalla Karar"]
[Result "1-0"]
[WhiteElo "1451"]
[BlackElo "1446"]
[PlyCount "53"]
[EventDate "2018.09.24"]
[EventType "team-swiss"]
[EventRounds "11"]
[EventCountry "GEO"]
[SourceTitle "Ajedrez en Madrid"]
[Source "lmi"]
[SourceDate "2018.09.24"]
[WhiteTeam "Palestine"]
[BlackTeam "Sudan"]
[WhiteTeamCountry "PLE"]
[BlackTeamCountry "SUD"]

1. d4 d5 2. c4 c6 3. e3 Nf6 4. Nc3 dxc4 5. Bxc4 Bf5 6. Qb3 Qc7 7. Bxf7+ Kd8 8.
Nf3 Ne4 9. Nxe4 Bxe4 10. Ng5 Bf5 11. e4 Bd7 12. e5 Qa5+ 13. Bd2 Qb6 14. Bc3
Qxb3 15. Bxb3 Kc8 16. Nf7 Rg8 17. Nd6+ exd6 18. Bxg8 dxe5 19. dxe5 Bf5 20. O-O
Na6 21. Rfe1 Nc5 22. e6 Kd8 23. Rad1+ Ke7 24. Bb4 Kf6 25. Bc3+ Ke7 26. b4 Nxe6
27. Re5 1-0

[Event "43. Olimpiada Batumi 2018 Femenina"]
[Site "Batumi GEO"]
[Date "2018.10.04"]
[Round "10.4"]
[White "Marwa, Jadalla"]
[Black "Faqeeh, Aseel"]
[Result "0-1"]
[WhiteElo "1322"]
[BlackElo "1432"]
[PlyCount "88"]
[EventDate "2018.09.24"]
[EventType "team-swiss"]
[EventRounds "11"]
[EventCountry "GEO"]
[SourceTitle "Ajedrez en Madrid"]
[Source "lmi"]
[SourceDate "2018.09.24"]
[WhiteTeam "Sudan"]
[BlackTeam "Palestine"]
[WhiteTeamCountry "SUD"]
[BlackTeamCountry "PLE"]

1. d4 Nf6 2. Bf4 g6 3. Nc3 Bg7 4. e4 d6 5. Qd2 h6 6. h4 Nbd7 7. Nf3 Nh5 8. Bh2
O-O 9. g4 Nhf6 10. g5 Ng4 11. gxh6 Bxh6 12. Bf4 Bxf4 13. Qxf4 Ndf6 14. Nd2 e5
15. dxe5 dxe5 16. Qg3 Nh5 17. Qg1 Qd4 18. O-O-O Qxf2 19. Qxf2 Nxf2 20. Be2 Nxh1
21. Rxh1 Ng3 22. Rh2 Nxe2+ 23. Nxe2 Be6 24. Ng3 f5 25. h5 f4 26. Ngf1 Bxa2 27.
b3 Kg7 28. Kb2 Bxb3 29. cxb3 a5 30. hxg6 Kxg6 31. Rg2+ Kf6 32. Nh2 Rg8 33. Ng4+
Ke6 34. Nc4 f3 35. Rg3 f2 36. Nd2 Rad8 37. Rg2 Rxd2+ 38. Kc3 f1=Q 39. Rxd2 Rxg4
40. b4 Qf3+ 41. Rd3 axb4+ 42. Kc2 Rg2+ 43. Kc1 Qf1+ 44. Rd1 Qc4+ 0-1

[Event "43. Olimpiada Batumi 2018 Femenina"]
[Site "Batumi GEO"]
[Date "2018.10.04"]
[Round "10.1"]
[White "Mena, Ailen Oriana"]
[Black "Caruana Pulpan, Oana"]
[Result "0-1"]
[WhiteElo "1884"]
[BlackElo "1863"]
[PlyCount "155"]
[EventDate "2018.09.24"]
[EventType "team-swiss"]
[EventRounds "11"]
[EventCountry "GEO"]
[SourceTitle "Ajedrez en Madrid"]
[Source "lmi"]
[SourceDate "2018.09.24"]
[WhiteTeam "Netherlands Antilles"]
[BlackTeam "Malta"]
[WhiteTeamCountry "AHO"]
[BlackTeamCountry "MLT"]

1. d4 f5 2. Nf3 d6 3. Bf4 Nf6 4. e3 g6 5. Nbd2 Bg7 6. c3 e6 7. Bg5 Nc6 8. Bd3
O-O 9. Qc2 Qe8 10. Bxf6 Bxf6 11. e4 e5 12. Qb3+ Kh8 13. d5 Ne7 14. O-O-O c6 15.
dxc6 bxc6 16. Be2 d5 17. exf5 gxf5 18. h4 Be6 19. Ng5 Bg8 20. Qa4 Qb8 21. Qa6
Qb6 22. Qxb6 axb6 23. a3 Ng6 24. g3 Rfd8 25. Kb1 h6 26. Nh3 Rab8 27. Rhe1 b5
28. Rc1 c5 29. Red1 Be6 30. Ng1 Kg7 31. Bf1 e4 32. Nb3 Rdc8 33. Na1 Ne5 34. Nc2
Nc6 35. Ne2 Bf7 36. Ne3 Ne7 37. Bh3 Bh5 38. Rd2 Bxe2 39. Rxe2 Kg6 40. Ng2 Be5
41. Rec2 Rd8 42. Rd1 Rd6 43. Ne1 Rbd8 44. Bf1 Rb8 45. Ng2 Kf7 46. Be2 Ke6 47.
Bh5 d4 48. cxd4 cxd4 49. Rc5 Ra6 50. Bf7+ Kf6 51. Bb3 Nc6 52. Rd2 Na5 53. Ka2
b4 54. a4 Nxb3 55. Kxb3 Rba8 56. Rb5 Rxa4 57. Rxb4 Rxb4+ 58. Kxb4 Rb8+ 59. Kc4
Rc8+ 60. Kb3 Ke6 61. Ka2 Rc1 62. h5 Rg1 63. Nh4 e3 64. fxe3 dxe3 65. Re2 Rxg3
66. Ng6 f4 67. b4 Rh3 68. b5 Rxh5 69. b6 Bd6 70. Rb2 Kf6 71. b7 Bb8 72. Nxf4
Bxf4 73. Rb6+ Ke7 74. b8=Q Bxb8 75. Rxb8 e2 76. Rb7+ Kf6 77. Rb6+ Kf5 78. Rb2
0-1

[Event "43. Olimpiada Batumi 2018 Femenina"]
[Site "Batumi GEO"]
[Date "2018.10.04"]
[Round "10.2"]
[White "Thornton, Filipina"]
[Black "Salim-Moussa, Arzy Zahia"]
[Result "1-0"]
[WhiteElo "1712"]
[BlackElo "1357"]
[PlyCount "57"]
[EventDate "2018.09.24"]
[EventType "team-swiss"]
[EventRounds "11"]
[EventCountry "GEO"]
[SourceTitle "Ajedrez en Madrid"]
[Source "lmi"]
[SourceDate "2018.09.24"]
[WhiteTeam "Malta"]
[BlackTeam "Netherlands Antilles"]
[WhiteTeamCountry "MLT"]
[BlackTeamCountry "AHO"]

1. d4 d6 2. c4 g6 3. Nc3 Bg7 4. Nf3 Nf6 5. Bg5 h6 6. Bh4 O-O 7. e3 Re8 8. Be2
Nc6 9. O-O e5 10. dxe5 dxe5 11. Qb3 g5 12. Rad1 Qe7 13. Bg3 Qb4 14. Qc2 Bg4 15.
h3 Bxf3 16. Bxf3 Qxc4 17. Be2 Qe6 18. Nb5 Qc8 19. a3 a6 20. Nc3 Rd8 21. Bc4
Rxd1 22. Rxd1 b5 23. Ba2 Qe8 24. Ne4 Nxe4 25. Qxe4 Ne7 26. Bxe5 Bxe5 27. Qxe5
c6 28. Qf6 Ng6 29. Qxg6+ 1-0

[Event "43. Olimpiada Batumi 2018 Femenina"]
[Site "Batumi GEO"]
[Date "2018.10.04"]
[Round "10.3"]
[White "Marcos, Taqesyah"]
[Black "Farrugia, Jamie"]
[Result "0-1"]
[WhiteElo "1583"]
[BlackElo "1582"]
[PlyCount "42"]
[EventDate "2018.09.24"]
[EventType "team-swiss"]
[EventRounds "11"]
[EventCountry "GEO"]
[SourceTitle "Ajedrez en Madrid"]
[Source "lmi"]
[SourceDate "2018.09.24"]
[WhiteTeam "Netherlands Antilles"]
[BlackTeam "Malta"]
[WhiteTeamCountry "AHO"]
[BlackTeamCountry "MLT"]

1. e3 d5 2. b3 Nf6 3. Bb2 Bf5 4. Nf3 Nbd7 5. Be2 e6 6. d3 Bd6 7. Nbd2 O-O 8.
Nh4 Bg6 9. O-O e5 10. f4 exf4 11. exf4 Qe7 12. Kh1 h6 13. Nxg6 fxg6 14. f5 gxf5
15. Rxf5 Rae8 16. Bf3 g6 17. Rxd5 Nxd5 18. Bxd5+ Kh7 19. Ne4 Bf4 20. Qg4 Ne5
21. Rb1 Nxg4 0-1

[Event "43. Olimpiada Batumi 2018 Femenina"]
[Site "Batumi GEO"]
[Date "2018.10.04"]
[Round "10.4"]
[White "Stagno, Milena"]
[Black "Salim-Moussa, Seydi"]
[Result "1-0"]
[WhiteElo "1388"]
[BlackElo "1601"]
[PlyCount "91"]
[EventDate "2018.09.24"]
[EventType "team-swiss"]
[EventRounds "11"]
[EventCountry "GEO"]
[SourceTitle "Ajedrez en Madrid"]
[Source "lmi"]
[SourceDate "2018.09.24"]
[WhiteTeam "Malta"]
[BlackTeam "Netherlands Antilles"]
[WhiteTeamCountry "MLT"]
[BlackTeamCountry "AHO"]

1. e4 d6 2. d4 g6 3. Nf3 Bg7 4. Nc3 Nf6 5. Be2 O-O 6. O-O Nc6 7. h3 e5 8. dxe5
dxe5 9. Be3 Be6 10. Ng5 Qe7 11. Nxe6 Qxe6 12. Nd5 Rad8 13. Nxf6+ Qxf6 14. Bd3
b6 15. Qd2 Qd6 16. Qe2 Kh8 17. Rad1 Qe7 18. c3 a5 19. Bc2 Nb8 20. Rfe1 Nd7 21.
Rd2 Qh4 22. Red1 Qe7 23. Qe1 f5 24. exf5 gxf5 25. Bf4 Rfe8 26. Bxf5 exf4 27.
Qxe7 Rxe7 28. Rxd7 Rexd7 29. Rxd7 Rxd7 30. Bxd7 Be5 31. Bc6 Kg7 32. Kf1 h5 33.
Ke2 h4 34. Kf3 Kf6 35. Kg4 Kg6 36. Be4+ Kh6 37. Kxh4 c5 38. g3 fxg3 39. fxg3
Bxg3+ 40. Kxg3 Kg5 41. h4+ Kh5 42. Bf3+ Kh6 43. Kg4 b5 44. Kf5 b4 45. c4 Kg7
46. Ke5 1-0

[Event "43. Olimpiada Batumi 2018 Femenina"]
[Site "Batumi GEO"]
[Date "2018.10.04"]
[Round "10.1"]
[White "Mentile, Lishen"]
[Black "Girmay, Feven Gebremeskel"]
[Result "1-0"]
[WhiteElo "1502"]
[BlackElo "1483"]
[PlyCount "91"]
[EventDate "2018.09.24"]
[EventType "team-swiss"]
[EventRounds "11"]
[EventCountry "GEO"]
[SourceTitle "Ajedrez en Madrid"]
[Source "lmi"]
[SourceDate "2018.09.24"]
[WhiteTeam "Namibia"]
[BlackTeam "Ethiopia"]
[WhiteTeamCountry "NAM"]
[BlackTeamCountry "ETH"]

1. e4 c5 2. Nf3 Nc6 3. d4 cxd4 4. Nxd4 e5 5. Nb3 Nf6 6. Bd3 Be7 7. O-O h6 8. c3
O-O 9. Be3 d5 10. exd5 Nxd5 11. Qe2 Nxe3 12. Qxe3 Bg5 13. Qe2 f5 14. Rd1 Qe7
15. f3 b6 16. N1d2 Bb7 17. Bc4+ Kh8 18. Nf1 Rae8 19. Ne3 e4 20. Nd5 exf3 21.
Nxe7 fxe2 22. Ng6+ Kh7 23. Nxf8+ Rxf8 24. Re1 Be3+ 25. Kh1 Ne5 26. Bxe2 f4 27.
Rad1 f3 28. Bxf3 Nxf3 29. Rxe3 Nh4 30. Re2 a5 31. h3 Nf5 32. Kh2 Ba6 33. Rf2
Ne3 34. Rxf8 Nxd1 35. Ra8 Bc4 36. Rb8 a4 37. Nd2 Nxb2 38. Rxb6 a3 39. Nxc4 Nxc4
40. Rb4 Nb2 41. c4 Kg8 42. c5 Kf8 43. c6 Ke8 44. Rb7 g5 45. Rb8+ Ke7 46. c7 1-0